| 000 | 01099nam a2200229Ia 4500 | ||
|---|---|---|---|
| 003 | Ost | ||
| 005 | 20260507075656.0 | ||
| 008 | 260507s9999||||xx |||||||||||||| ||und|| | ||
| 040 | _cfsecg | ||
| 041 | _aara | ||
| 082 | _a341.754 | ||
| 100 |
_aحجازي، عبد الفتاح بيومي _eمؤلف |
||
| 245 | 0 |
_aالتوقيع الالكتروني في النظم القانونية المقارنة / _c عبد الفتاح بيومي حجازي |
|
| 260 |
_aالاسكندرية: _bدار الفكر الجامعي, _c2005 |
||
| 300 |
_a652 صفحة؛ _bإيضاحات ؛ _c24 سم |
||
| 504 | _aالمراجع ص.623 | ||
| 520 | _aالتعريف بالتوقيع الالكتروني، جهات التصديق الالكتروني والشهادات الصادرة عنها، حجية التوقيع الالكتروني ودوره في الاثبات، الحماية الجنائية للتوقيع الالكتروني | ||
| 653 | _aالإثباث القانوني | ||
| 653 | _aالتوقيع الإلكتروني | ||
| 653 | _aالحماية الجنائية | ||
| 942 | _cكتاب | ||
| 999 |
_c45696 _d45696 |
||